000 00444nam a2200193Ia 4500
005 20250923144846.0
008 008 250917s9999 xx 000 0 eng d
037 _aTextual
040 _aDSWL
_beng
_cDSWL
041 _aeng
_2eng
084 _qDSWL
245 0 _aTeachers and youth leders
260 _aLondon
_bHMSO
_c1961
300 _a176p.
365 _aINR
_b8
925 _g8
942 _cTEXL
999 _c1444250
_d1444250